[Event "TCh-CHN DivA Regular"]
[Site "Fuling CHN"]
[Date "2023.06.07"]
[Round "3.6"]
[Board "1"]
[White "Wang, Hao"]
[Black "Xiang, Zeyu"]
[Result "1-0"]
[WhiteTitle "GM"]
[BlackTitle "IM"]
[WhiteElo "2722"]
[BlackElo "2397"]
[WhiteTeam "Shenzhen Pengcheng"]
[BlackTeam "Hangzhou"]
[WhiteFideId "8602883"]
[BlackFideId "8608547"]
[EventDate "2023.06.05"]
[EventType "team"]

1. e4 e5 2. Nf3 Nc6 3. Bc4 Bc5 4. d3 Nf6 5. Nc3 h6 6. h3 a6 7. a3 d6 8. Ne2 Ne7
9. c3 Ng6 10. Ng3 d5 11. exd5 Nxd5 12. O-O O-O 13. Re1 c6 14. d4 exd4 15. Nxd4
Ndf4 16. Be3 Bxd4 17. Qxd4 Qxd4 18. Bxd4 Be6 19. Bf1 Rfd8 20. a4 a5 21. Ne4 b6
22. Bxb6 Rdb8 23. Bd4 Rxb2 24. c4 Rc2 25. Rac1 Rxc1 26. Rxc1 Bf5 27. Nc5 Rb8 28.
Bc3 Ne6 29. Nxe6 fxe6 30. g3 e5 31. Bg2 e4 32. Bxa5 Ra8 33. Bc7 Rxa4 34. g4 Be6
35. Bxe4 Nf8 36. Bd3 h5 37. f3 hxg4 38. hxg4 Nd7 39. Bd6 Ra2 40. Re1 Rd2 41.
Rxe6 Rxd3 42. Kg2 Rd4 43. g5 c5 44. Kg3 Kh7 45. f4 Nb6 46. Kg4 Rd1 47. Bxc5 Nxc4
48. g6+ Kh6 49. f5 Rd5 50. Kf4 Nb2 51. Be3 Nc4 52. Re8 1-0

[Event "TCh-CHN DivA Regular"]
[Site "Fuling CHN"]
[Date "2023.06.07"]
[Round "3.6"]
[Board "2"]
[White "Kong, Xiangrui"]
[Black "Xue, Haowen"]
[Result "1-0"]
[WhiteElo "2273"]
[BlackElo "2341"]
[WhiteTeam "Hangzhou"]
[BlackTeam "Shenzhen Pengcheng"]
[WhiteFideId "8632200"]
[BlackFideId "8625492"]
[EventDate "2023.06.05"]
[EventType "team"]

1. e4 c5 2. Nf3 d6 3. d4 Nf6 4. Nc3 cxd4 5. Nxd4 Bd7 6. f3 Nc6 7. Be3 a6 8. Qd2
b5 9. g4 Nxd4 10. Bxd4 e5 11. Bf2 h6 12. h4 Rc8 13. Rg1 b4 14. Nd1 d5 15. exd5
Bb5 16. Ne3 Bc5 17. O-O-O Qb6 18. g5 Nd7 19. Bh3 hxg5 20. Rde1 gxh4 21. Rxg7 Qf6
22. Reg1 Qxf3 23. Rg8+ Rxg8 24. Rxg8+ Bf8 25. Bg4 Qh1+ 26. Qe1 Qh2 27. Kb1 Ba4
28. b3 Bb5 29. Bxh4 Rc3 30. d6 Rxe3 31. Qxe3 Qxh4 32. Bxd7+ Kxd7 33. Rxf8 Ke6
34. a4 bxa3 35. d7 Kxd7 36. Qxe5 Qf2 37. Re8 Qh4 38. Rh8 Qf2 39. Re8 Qh4 40. Ka2
Bc6 41. Kxa3 a5 42. Kb2 a4 43. Rb8 axb3 44. Qe8+ Kc7 45. Rc8+ 1-0

[Event "TCh-CHN DivA Regular"]
[Site "Fuling CHN"]
[Date "2023.06.07"]
[Round "3.6"]
[Board "3"]
[White "Zhou, Weiqi"]
[Black "Xie, Kaifan"]
[Result "1-0"]
[WhiteTitle "GM"]
[BlackTitle "CM"]
[WhiteElo "2604"]
[BlackElo "2278"]
[WhiteTeam "Shenzhen Pengcheng"]
[BlackTeam "Hangzhou"]
[WhiteFideId "8601674"]
[BlackFideId "8619107"]
[EventDate "2023.06.05"]
[EventType "team"]

1. d4 Nf6 2. c4 e6 3. Nc3 Bb4 4. Qc2 O-O 5. a3 Bxc3+ 6. Qxc3 d5 7. Bg5 dxc4 8.
Qxc4 b6 9. Rd1 Ba6 10. Qa4 h6 11. Bh4 Qd7 12. Qc2 Qc6 13. Qxc6 Nxc6 14. Bxf6
gxf6 15. Nf3 Rfd8 16. e3 Bxf1 17. Rxf1 Na5 18. Ke2 Rac8 19. Rc1 c5 20. dxc5 Nb3
21. Rc3 Rxc5 22. Rxc5 Nxc5 23. Rc1 Rd7 24. g4 Nd3 25. Rc2 Ne5 26. Nxe5 fxe5 27.
Kf3 Kg7 28. Ke4 Kf6 29. h4 Rd5 30. b3 Rd1 31. Rc7 a5 32. a4 Rb1 33. Rc3 Rb2 34.
f3 Rb1 35. Kd3 Rd1+ 36. Kc4 Rd5 37. b4 Ke7 38. bxa5 Rxa5 39. Kb4 Kd7 40. e4 Ra8
41. Rc4 Rc8 42. Rxc8 Kxc8 43. Kc4 Kd7 44. Kd3 Ke7 45. Ke2 f5 46. Kd3 1-0

[Event "TCh-CHN DivA Regular"]
[Site "Fuling CHN"]
[Date "2023.06.07"]
[Round "3.6"]
[Board "4"]
[White "Lu, Miaoyi"]
[Black "Song, Yuxin"]
[Result "1/2-1/2"]
[WhiteTitle "WIM"]
[BlackTitle "WIM"]
[WhiteElo "2176"]
[BlackElo "2353"]
[WhiteTeam "Hangzhou"]
[BlackTeam "Shenzhen Pengcheng"]
[WhiteFideId "8618020"]
[BlackFideId "8614300"]
[EventDate "2023.06.05"]
[EventType "team"]

1. e4 c5 2. Nf3 d6 3. d4 cxd4 4. Nxd4 Nf6 5. Nc3 a6 6. g3 e5 7. Nb3 Be7 8. Bg5
Be6 9. Bxf6 Bxf6 10. h4 Be7 11. Qd3 Nd7 12. O-O-O Nf6 13. f4 Rc8 14. f5 Bd7 15.
Nd2 b5 16. Nd5 Bc6 17. Nxf6+ Bxf6 18. Bg2 Bb7 19. Nf1 Be7 20. Ne3 Rc5 21. Kb1 h6
22. Qe2 a5 23. f6 gxf6 24. Qh5 Bf8 25. Rhf1 Rg8 26. Nf5 Rg6 27. Rd2 Bc8 28. Bh3
Bxf5 29. Bxf5 Rxg3 30. Be6 Qe7 31. Bd5 Bg7 32. Rdf2 Qd7 33. c3 Rg6 34. Rf5 b4
35. cxb4 axb4 36. Qd1 h5 37. Qb3 Rg2 38. Qxb4 Rb5 39. Qc3 Rbxb2+ 40. Qxb2 Rxb2+
41. Kxb2 Qb5+ 42. Kc2 Qe2+ 43. Kb3 Qd3+ 44. Kb2 Bh6 45. R1f3 Be3 46. Rxf6 Qd2+
47. Kb3 Qd1+ 48. Kc4 Qc2+ 49. Kb5 Qd3+ 50. Ka4 Qa6+ 51. Kb3 Qb5+ 52. Kc2 Qa4+
53. Kb2 Qd1 54. Rxf7 Bd4+ 55. Ka3 Bc5+ 56. Kb2 Bd4+ 57. Ka3 Bc5+ 58. Kb2 1/2-1/2

[Event "TCh-CHN DivA Regular"]
[Site "Fuling CHN"]
[Date "2023.06.07"]
[Round "3.6"]
[Board "5"]
[White "Li, Xueyi"]
[Black "Zhao, Shengxin"]
[Result "0-1"]
[WhiteTitle "WGM"]
[BlackTitle "WFM"]
[WhiteElo "2291"]
[BlackElo "2156"]
[WhiteTeam "Shenzhen Pengcheng"]
[BlackTeam "Hangzhou"]
[WhiteFideId "8605912"]
[BlackFideId "8608040"]
[EventDate "2023.06.05"]
[EventType "team"]

1. d4 Nf6 2. c4 e6 3. g3 d5 4. Bg2 Bb4+ 5. Bd2 Be7 6. Nf3 O-O 7. O-O c6 8. Bc3
dxc4 9. Ne5 b5 10. Qd2 Nd5 11. Ba5 Qe8 12. e4 Nb6 13. Nc3 Bb7 14. Rfe1 N8d7 15.
Nf3 b4 16. Ne2 c3 17. Qd3 cxb2 18. Rab1 Na4 19. Qb3 Ndb6 20. Bxb4 c5 21. dxc5
Bxc5 22. Nf4 Rc8 23. Nd3 Bxb4 24. Qxb4 Rc4 25. Qb3 Rc3 26. Qb4 Rxd3 0-1

[Event "TCh-CHN DivA Regular"]
[Site "Fuling CHN"]
[Date "2023.06.08"]
[Round "4.1"]
[Board "1"]
[White "Nie, Xinyang"]
[Black "Zhu, Hengyi"]
[Result "1/2-1/2"]
[WhiteElo "2222"]
[BlackElo "2247"]
[WhiteTeam "Chongqing Jiulongpo"]
[BlackTeam "Hangzhou"]
[WhiteFideId "8607222"]
[BlackFideId "8611211"]
[EventDate "2023.06.05"]
[EventType "team"]

1. d4 Nf6 2. Nf3 e6 3. Bf4 d5 4. Nbd2 c5 5. e3 Qb6 6. Rb1 Bd6 7. dxc5 Qxc5 8. b4
Qc7 9. Bxd6 Qxd6 10. c4 O-O 11. Qb3 b6 12. cxd5 Qxd5 13. Bc4 Qd6 14. O-O Bb7 15.
Rfd1 Nbd7 16. Qb2 Rfd8 17. Be2 Qe7 18. Rbc1 Rac8 19. a3 Nf8 20. Nd4 Ng6 21. Bf3
Nh4 22. Bxb7 Qxb7 23. N2f3 Nxf3+ 24. Nxf3 h6 25. Rxd8+ Rxd8 26. h3 Rc8 27. Nd4
Ne4 28. Rc2 Nd6 29. Qc1 Rxc2 30. Qxc2 Qd7 31. a4 a6 32. f4 Nf5 33. Nxf5 exf5 34.
Kf2 g6 1/2-1/2

[Event "TCh-CHN DivA Regular"]
[Site "Fuling CHN"]
[Date "2023.06.08"]
[Round "4.1"]
[Board "2"]
[White "Xiang, Zeyu"]
[Black "Wan, Yunguo"]
[Result "1/2-1/2"]
[WhiteTitle "IM"]
[BlackTitle "GM"]
[WhiteElo "2397"]
[BlackElo "2504"]
[WhiteTeam "Hangzhou"]
[BlackTeam "Chongqing Jiulongpo"]
[WhiteFideId "8608547"]
[BlackFideId "8603189"]
[EventDate "2023.06.05"]
[EventType "team"]

1. d4 Nf6 2. Nf3 e6 3. c4 Bb4+ 4. Nbd2 O-O 5. a3 Be7 6. g3 b6 7. Bg2 Bb7 8. O-O
a5 9. b3 d5 10. Bb2 dxc4 11. Nxc4 Nbd7 12. Rc1 Qb8 13. e3 c5 14. dxc5 Nxc5 15.
Be5 Qa7 16. b4 Rfd8 17. Nd4 axb4 18. axb4 Bxg2 19. Kxg2 Qb7+ 20. Qf3 Qxf3+ 21.
Kxf3 Nd3 22. Rcd1 Rac8 23. Bxf6 gxf6 24. Nxb6 Ne5+ 25. Kg2 Rb8 26. Na4 Rxb4 27.
Nc3 Rc8 28. Nce2 Rb2 29. Rb1 Rcb8 30. Rxb2 Rxb2 31. Rc1 f5 32. h3 Nd3 33. Rc3
Nc5 34. Rc2 Rxc2 35. Nxc2 Kg7 36. Ncd4 Ne4 37. Nf3 1/2-1/2

[Event "TCh-CHN DivA Regular"]
[Site "Fuling CHN"]
[Date "2023.06.08"]
[Round "4.1"]
[Board "3"]
[White "Peng, Xiongjian"]
[Black "Kong, Xiangrui"]
[Result "1-0"]
[WhiteElo "2461"]
[BlackElo "2273"]
[WhiteTeam "Chongqing Jiulongpo"]
[BlackTeam "Hangzhou"]
[WhiteFideId "8610550"]
[BlackFideId "8632200"]
[EventDate "2023.06.05"]
[EventType "team"]

1. d4 d5 2. c4 c6 3. Nf3 Nf6 4. Nc3 e6 5. Bg5 h6 6. Bh4 dxc4 7. e4 g5 8. Bg3 b5
9. Ne5 Bb7 10. h4 g4 11. Be2 Nbd7 12. O-O Rg8 13. Qc2 Nh5 14. Nxg4 Nxg3 15. fxg3
Qb6 16. Kh2 O-O-O 17. Rxf7 h5 18. Rxd7 Rxd7 19. Nf6 Qxd4 20. Nxg8 Rg7 21. Nf6
Qxf6 22. Rf1 Qd8 23. e5 Be7 24. Bf3 Qd4 25. Qe4 Qxe4 26. Nxe4 c5 27. Nf6 Bxf3
28. Rxf3 Bxf6 29. exf6 Rg8 30. Rf1 Kd7 31. g4 hxg4 32. h5 e5 33. h6 Ke6 34. f7
Rf8 35. h7 b4 36. Kg3 c3 37. bxc3 bxc3 38. Kxg4 c2 39. Kg5 c4 40. Kg6 Rxf7 41.
Rc1 Rf2 42. g4 Rh2 43. Kg7 c3 44. h8=Q Rxh8 45. Kxh8 Kf6 46. Rxc2 Kg5 47. Rxc3
Kxg4 48. Ra3 1-0

[Event "TCh-CHN DivA Regular"]
[Site "Fuling CHN"]
[Date "2023.06.08"]
[Round "4.1"]
[Board "4"]
[White "Lu, Miaoyi"]
[Black "Sun, Fanghui"]
[Result "1-0"]
[WhiteTitle "WIM"]
[BlackTitle "WIM"]
[WhiteElo "2176"]
[BlackElo "2223"]
[WhiteTeam "Hangzhou"]
[BlackTeam "Chongqing Jiulongpo"]
[WhiteFideId "8618020"]
[BlackFideId "8604150"]
[EventDate "2023.06.05"]
[EventType "team"]

1. e4 c5 2. Nf3 d6 3. d4 cxd4 4. Nxd4 Nf6 5. Nc3 a6 6. Be3 e5 7. Nf3 Be7 8. h3
O-O 9. g4 Qa5 10. Nd2 Be6 11. g5 Nfd7 12. h4 b5 13. Bh3 b4 14. Nb3 Qd8 15. Nd5
a5 16. Qf3 Bxd5 17. exd5 Qc7 18. h5 Nb6 19. g6 Nc4 20. Bc1 Bf6 21. gxh7+ Kh8 22.
h6 e4 23. hxg7+ Bxg7 24. Qh5 Nxb2 25. Bh6 Qc3+ 26. Kf1 a4 27. Rg1 Bxh6 28. Qxh6
Na6 29. Bf5 Qc4+ 30. Kg2 1-0

[Event "TCh-CHN DivA Regular"]
[Site "Fuling CHN"]
[Date "2023.06.08"]
[Round "4.1"]
[Board "5"]
[White "Zhang, Lanlin"]
[Black "Zhao, Shengxin"]
[Result "1-0"]
[BlackTitle "WFM"]
[WhiteElo "2156"]
[BlackElo "2156"]
[WhiteTeam "Chongqing Jiulongpo"]
[BlackTeam "Hangzhou"]
[WhiteFideId "8608032"]
[BlackFideId "8608040"]
[EventDate "2023.06.05"]
[EventType "team"]

1. e4 c5 2. Nf3 Nc6 3. Bb5 e6 4. O-O Nge7 5. Re1 a6 6. Bf1 d5 7. exd5 Nxd5 8. d4
Nf6 9. Be3 cxd4 10. Nxd4 Nxd4 11. Bxd4 Bd7 12. Nd2 b5 13. c4 Be7 14. Re3 O-O 15.
Rd3 bxc4 16. Nxc4 Nd5 17. a4 f6 18. a5 Bb5 19. Qg4 Rf7 20. Rdd1 f5 21. Qe2 Qd7
22. Qf3 Bd6 23. Nb6 Nxb6 24. Bxb5 axb5 25. Bxb6 Rc8 26. a6 Rff8 27. a7 1-0

[Event "TCh-CHN DivA Regular"]
[Site "Fuling CHN"]
[Date "2023.06.08"]
[Round "4.2"]
[Board "1"]
[White "Xu, Jun"]
[Black "Wang, Hao"]
[Result "1/2-1/2"]
[WhiteTitle "GM"]
[BlackTitle "GM"]
[WhiteElo "2468"]
[BlackElo "2722"]
[WhiteTeam "Jiangsu"]
[BlackTeam "Shenzhen Pengcheng"]
[WhiteFideId "8600031"]
[BlackFideId "8602883"]
[EventDate "2023.06.05"]
[EventType "team"]

1. d4 e6 2. c4 b6 3. Nf3 Bb7 4. g3 Nf6 5. Bg2 Bb4+ 6. Bd2 a5 7. O-O O-O 8. Bf4
Be7 9. Qc2 c5 10. dxc5 bxc5 11. Nc3 Nc6 12. Rfd1 d5 13. Qb3 Qc8 14. cxd5 exd5
15. Nxd5 Nxd5 16. Rxd5 a4 17. Qd1 a3 18. bxa3 Rxa3 19. Bd6 Bxd6 20. Rxd6 Nb4 21.
Qc1 Rxa2 22. Rxa2 Nxa2 23. Qc4 Nb4 24. Ng5 Bxg2 25. Kxg2 h6 26. Ne4 Qb7 27. f3
Rc8 28. g4 Qa7 29. Qb5 Nc2 30. Rd7 Nd4 1/2-1/2

[Event "TCh-CHN DivA Regular"]
[Site "Fuling CHN"]
[Date "2023.06.08"]
[Round "4.2"]
[Board "2"]
[White "Xue, Haowen"]
[Black "Chen, Qi b"]
[Result "1/2-1/2"]
[BlackTitle "IM"]
[WhiteElo "2341"]
[BlackElo "2484"]
[WhiteTeam "Shenzhen Pengcheng"]
[BlackTeam "Jiangsu"]
[WhiteFideId "8625492"]
[BlackFideId "8614733"]
[EventDate "2023.06.05"]
[EventType "team"]

1. d4 Nf6 2. c4 g6 3. Nc3 d5 4. Bg5 Ne4 5. Bh4 Nxc3 6. bxc3 dxc4 7. e3 Be6 8.
Nh3 Bh6 9. Bg5 Bxg5 10. Nxg5 Bd5 11. e4 h6 12. exd5 hxg5 13. Bxc4 Qd6 14. Rb1 b6
15. g3 Nd7 16. O-O Nf6 17. Re1 Kf8 18. Re5 Qd7 19. Bf1 Ng4 20. Bb5 Qc8 21. Ba6
Qd7 22. Bb5 Qc8 23. Ba6 Qd7 24. Bb5 1/2-1/2

[Event "TCh-CHN DivA Regular"]
[Site "Fuling CHN"]
[Date "2023.06.08"]
[Round "4.2"]
[Board "4"]
[White "Song, Yuxin"]
[Black "Guo, Qi"]
[Result "1/2-1/2"]
[WhiteTitle "WIM"]
[BlackTitle "IM"]
[WhiteElo "2353"]
[BlackElo "2369"]
[WhiteTeam "Shenzhen Pengcheng"]
[BlackTeam "Jiangsu"]
[WhiteFideId "8614300"]
[BlackFideId "8604002"]
[EventDate "2023.06.05"]
[EventType "team"]

1. e4 e5 2. Nf3 Nc6 3. Bb5 Nf6 4. O-O Nxe4 5. Re1 Nd6 6. Nxe5 Be7 7. Bf1 Nxe5 8.
Rxe5 O-O 9. d4 Bf6 10. Re1 Nf5 11. c3 d5 12. Bf4 c6 13. Nd2 Nh4 14. Bd3 Bf5 15.
Bxf5 Nxf5 16. Qe2 Re8 17. Qd3 g6 18. h3 Ng7 19. Rxe8+ Qxe8 20. Nf3 Qf8 21. Be5
Bxe5 22. Nxe5 f6 23. Nf3 Re8 24. Re1 Rxe1+ 25. Nxe1 Qe7 26. Kf1 Nf5 27. Qe2 Kf7
28. Qxe7+ Kxe7 29. Ke2 Nd6 30. Nd3 Kf7 31. Ke3 Ke7 32. Ke2 Kf7 33. Ke3 Ke7 34.
Ke2 Kf7 1/2-1/2

[Event "TCh-CHN DivA Regular"]
[Site "Fuling CHN"]
[Date "2023.06.08"]
[Round "4.2"]
[Board "5"]
[White "Shen, Yang"]
[Black "Li, Xueyi"]
[Result "1/2-1/2"]
[WhiteTitle "IM"]
[BlackTitle "WGM"]
[WhiteElo "2399"]
[BlackElo "2291"]
[WhiteTeam "Jiangsu"]
[BlackTeam "Shenzhen Pengcheng"]
[WhiteFideId "8603162"]
[BlackFideId "8605912"]
[EventDate "2023.06.05"]
[EventType "team"]

1. c4 c6 2. e4 d5 3. exd5 cxd5 4. d4 Nf6 5. Nc3 Nc6 6. Nf3 Bg4 7. cxd5 Nxd5 8.
Qb3 Bxf3 9. gxf3 e6 10. Qxb7 Nxd4 11. Bb5+ Nxb5 12. Qc6+ Ke7 13. Qxb5 Qd7 14.
Nxd5+ Qxd5 15. Qxd5 exd5 16. Bg5+ f6 17. Be3 Kf7 18. O-O-O Rd8 19. Rd3 Rd7 20.
Rhd1 Ke6 21. a3 Be7 22. b4 Rc8+ 23. Kb2 Bd6 24. Kb3 Bb8 25. f4 Rcd8 26. b5 Kf5
27. Rd4 h6 28. h4 h5 29. f3 Bc7 30. Rb4 Ba5 31. Ra4 Re7 32. Bc5 Rc7 33. Bd4 Bb6
34. Bxb6 axb6 35. Rad4 Rdc8 36. Rxd5+ Kxf4 37. Rd6 Rc3+ 38. Kb2 Rc2+ 39. Kb3
R2c3+ 40. Kb2 Rc2+ 41. Kb3 1/2-1/2

[Event "TCh-CHN DivA Regular"]
[Site "Fuling CHN"]
[Date "2023.06.08"]
[Round "4.3"]
[Board "1"]
[White "Li, Chao b"]
[Black "Lu, Shanglei"]
[Result "1/2-1/2"]
[WhiteTitle "GM"]
[BlackTitle "GM"]
[WhiteElo "2658"]
[BlackElo "2597"]
[WhiteTeam "Beijing"]
[BlackTeam "Zhejiang Shaoxing"]
[WhiteFideId "8604436"]
[BlackFideId "8603332"]
[EventDate "2023.06.05"]
[EventType "team"]

1. e4 c5 2. Nf3 d6 3. d4 cxd4 4. Nxd4 Nf6 5. Nc3 a6 6. Bg5 e6 7. f4 Qb6 8. Qd3
Qxb2 9. Rb1 Qa3 10. f5 Be7 11. fxe6 fxe6 12. Be2 Qa5 13. Bd2 Qc7 14. g4 h6 15.
e5 dxe5 16. Qg6+ Kf8 17. Nf3 Bd7 18. g5 Be8 19. Qd3 hxg5 20. Nxg5 Qc8 21. Rg1
Nc6 22. Na4 Nd5 23. c4 Nd4 24. cxd5 Bxa4 25. Nxe6+ Nxe6 26. dxe6 Qxe6 27. Rxb7
Bh4+ 28. Kf1 Ke8 29. Rgxg7 Rf8+ 30. Kg1 Bf2+ 31. Kf1 Be3+ 32. Ke1 Bf2+ 33. Kf1
Bd4+ 34. Ke1 Bf2+ 1/2-1/2

[Event "TCh-CHN DivA Regular"]
[Site "Fuling CHN"]
[Date "2023.06.08"]
[Round "4.3"]
[Board "2"]
[White "Zhu, Jiner"]
[Black "Xiu, Deshun"]
[Result "1/2-1/2"]
[WhiteTitle "WGM"]
[BlackTitle "GM"]
[WhiteElo "2507"]
[BlackElo "2507"]
[WhiteTeam "Zhejiang Shaoxing"]
[BlackTeam "Beijing"]
[WhiteFideId "8608059"]
[BlackFideId "8603693"]
[EventDate "2023.06.05"]
[EventType "team"]

1. d4 Nf6 2. c4 e6 3. Nc3 Bb4 4. a3 Bxc3+ 5. bxc3 c5 6. e3 Nc6 7. Ne2 O-O 8. Ng3
d5 9. Bd3 dxc4 10. Bxc4 b6 11. O-O Bb7 12. Bd3 cxd4 13. cxd4 Rc8 14. Bb2 Qd7 15.
Rc1 Nd5 16. e4 Nf4 17. Bb5 a6 18. Bxc6 Rxc6 19. Rxc6 Bxc6 20. Qd2 Ng6 21. Rc1
Bb7 22. h4 Nxh4 23. d5 f6 24. Qf4 Ng6 25. Qg4 Rc8 26. dxe6 Rxc1+ 27. Bxc1 Qc6
28. Qd1 Qxe6 29. Qd8+ Nf8 30. Be3 Bxe4 31. Bxb6 Qd5 32. Qe7 Bg6 33. Bc5 Ne6 34.
Be3 h5 35. Qb4 Kh7 36. Qd2 Qe5 37. Ne2 Be4 38. Ng3 h4 39. Nxe4 Qxe4 40. Qa5 f5
41. Qxa6 f4 42. Qb5 Qg6 43. Bd2 Nd4 44. Qd5 h3 45. a4 Qg4 46. Qe4+ Kg8 47. Qe8+
Kh7 48. Qe4+ Kh8 49. Qe8+ Kh7 1/2-1/2

[Event "TCh-CHN DivA Regular"]
[Site "Fuling CHN"]
[Date "2023.06.08"]
[Round "4.3"]
[Board "3"]
[White "Zhang, Di"]
[Black "Chen, Yuan2"]
[Result "1-0"]
[WhiteElo "2273"]
[BlackElo "2159"]
[WhiteTeam "Beijing"]
[BlackTeam "Zhejiang Shaoxing"]
[WhiteFideId "8616590"]
[BlackFideId "8618860"]
[EventDate "2023.06.05"]
[EventType "team"]

1. e4 c5 2. Nf3 d6 3. d4 cxd4 4. Nxd4 Nf6 5. Nc3 a6 6. f4 Qc7 7. f5 Nc6 8. Bg5
Qb6 9. Nb3 h5 10. Be2 e6 11. Qd2 Ne5 12. O-O-O Bd7 13. Nd4 Rc8 14. a3 Be7 15. h4
O-O 16. Rh3 Qc7 17. Rg3 Nc4 18. Bxc4 Qxc4 19. fxe6 Bxe6 20. Nf5 Bxf5 21. exf5 d5
22. Kb1 Rfe8 23. Re3 Ne4 24. Nxe4 Bxg5 25. hxg5 dxe4 26. Rde1 Qc5 27. Qf2 Red8
28. Rh1 Qd4 29. g6 Rd5 30. Qe2 fxg6 31. Rxe4 Qf6 32. g4 Qc6 33. fxg6 Qxg6 34.
gxh5 Qc6 35. Rg1 Rd7 36. h6 Rdc7 37. hxg7 Qd7 38. Rh4 1-0

[Event "TCh-CHN DivA Regular"]
[Site "Fuling CHN"]
[Date "2023.06.08"]
[Round "4.3"]
[Board "4"]
[White "Ding, Yixin"]
[Black "Wang, Yu A."]
[Result "1-0"]
[WhiteTitle "WGM"]
[BlackTitle "IM"]
[WhiteElo "2422"]
[BlackElo "2255"]
[WhiteTeam "Zhejiang Shaoxing"]
[BlackTeam "Beijing"]
[WhiteFideId "8602972"]
[BlackFideId "8601097"]
[EventDate "2023.06.05"]
[EventType "team"]

1. e4 e5 2. Nf3 Nc6 3. Nc3 Nf6 4. Bb5 Nd4 5. Bc4 Nxf3+ 6. Qxf3 d6 7. h3 Be7 8.
d3 Be6 9. Be3 a6 10. g4 O-O 11. g5 Ne8 12. g6 Bxc4 13. gxh7+ Kh8 14. dxc4 b5 15.
O-O-O bxc4 16. Qe2 Bg5 17. h4 Bxe3+ 18. fxe3 c6 19. Qxc4 Qb6 20. Qe2 Rb8 21. b3
Qc5 22. Kb2 Nc7 23. Rhg1 Ne6 24. h5 a5 25. Qf3 f6 26. Rg6 a4 27. Nxa4 Qb4 28.
Nc3 Ra8 29. h6 Qa3+ 30. Kb1 Qa5 31. hxg7+ Nxg7 32. Rdg1 Ra7 33. Rxf6 Rxf6 34.
Qxf6 Qxc3 35. Qf8+ Kxh7 36. Rh1+ Kg6 37. Qxd6+ Kf7 38. Rf1+ Kg8 39. Qb8+ 1-0

[Event "TCh-CHN DivA Regular"]
[Site "Fuling CHN"]
[Date "2023.06.08"]
[Round "4.3"]
[Board "5"]
[White "Li, Yunshan"]
[Black "Bai, Xue"]
[Result "1/2-1/2"]
[WhiteTitle "WIM"]
[WhiteElo "2283"]
[BlackElo "2041"]
[WhiteTeam "Beijing"]
[BlackTeam "Zhejiang Shaoxing"]
[WhiteFideId "8607664"]
[BlackFideId "8608717"]
[EventDate "2023.06.05"]
[EventType "team"]

1. Nf3 Nf6 2. b3 e6 3. Bb2 d5 4. e3 c5 5. c4 Nc6 6. cxd5 exd5 7. d4 Be6 8. Be2
Be7 9. O-O O-O 10. dxc5 Bxc5 11. Nc3 Qe7 12. Rc1 Rad8 13. Nb5 Ne4 14. Nbd4 Nxd4
15. Nxd4 Rc8 16. Rc2 Ba3 17. Bxa3 Qxa3 18. Qc1 Qe7 19. Bd3 Rxc2 20. Qxc2 Rc8 21.
Qb2 Qc5 22. Bxe4 dxe4 23. Nxe6 fxe6 24. h3 b5 25. Rd1 a5 26. g3 b4 27. Qe2 Qf5
28. g4 Qe5 29. Qa6 Rf8 30. Qd6 Qf6 31. Rd2 h5 32. gxh5 Qf5 33. Kh2 Rf6 34. Qf4
Qxf4+ 35. exf4 Rxf4 36. Kg2 Rf5 37. Re2 Rg5+ 38. Kh2 Rxh5 39. Rxe4 Rc5 40. Re2
Kf7 41. Kg3 Kf6 42. Kg4 e5 43. Rd2 Ke6 44. Re2 Kf6 45. Rd2 Ke6 1/2-1/2

[Event "TCh-CHN DivA Regular"]
[Site "Fuling CHN"]
[Date "2023.06.08"]
[Round "4.4"]
[Board "1"]
[White "Wen, Yang"]
[Black "Ni, Hua"]
[Result "1/2-1/2"]
[WhiteTitle "GM"]
[BlackTitle "GM"]
[WhiteElo "2581"]
[BlackElo "2669"]
[WhiteTeam "Hangzhou Bank"]
[BlackTeam "Shanghai"]
[WhiteFideId "8602956"]
[BlackFideId "8601160"]
[EventDate "2023.06.05"]
[EventType "team"]

1. e4 e5 2. Nf3 Nf6 3. Nxe5 d6 4. Nf3 Nxe4 5. Nc3 Nxc3 6. dxc3 Be7 7. Be3 Nc6 8.
Qd2 Be6 9. O-O-O Qd7 10. Kb1 Bf6 11. h4 h6 12. Nd4 Nxd4 13. Bxd4 Bxd4 14. Qxd4
O-O 15. a3 Qc6 16. Rg1 Qc5 17. Bd3 Qxd4 18. cxd4 Rfe8 19. Rde1 Bd7 20. Kc1 Rxe1+
21. Rxe1 Re8 22. Rxe8+ Bxe8 23. Kd2 Kf8 24. Ke3 Ke7 25. Be4 b6 26. g3 g5 27.
hxg5 hxg5 28. c3 Bd7 29. Bd3 c5 30. Be2 Bc6 31. Bd3 Bd7 1/2-1/2

[Event "TCh-CHN DivA Regular"]
[Site "Fuling CHN"]
[Date "2023.06.08"]
[Round "4.4"]
[Board "2"]
[White "Zhang, Zhong"]
[Black "Bai, Jinshi"]
[Result "1/2-1/2"]
[WhiteTitle "GM"]
[BlackTitle "GM"]
[WhiteElo "2589"]
[BlackElo "2550"]
[WhiteTeam "Shanghai"]
[BlackTeam "Hangzhou Bank"]
[WhiteFideId "8600694"]
[BlackFideId "8602280"]
[EventDate "2023.06.05"]
[EventType "team"]

1. e4 c5 2. Nf3 e6 3. c3 d5 4. exd5 Qxd5 5. d4 Nf6 6. Na3 Nc6 7. Be3 cxd4 8. Nb5
Qd7 9. Nbxd4 Bd6 10. Nb5 Bb8 11. Qxd7+ Bxd7 12. Rd1 a6 13. Nd6+ Bxd6 14. Rxd6
Nd5 15. Bc5 Rc8 16. c4 Ncb4 17. Bxb4 Nxb4 18. Rb6 Nxa2 19. Rxb7 Bc6 20. Rb6 a5
21. Ra6 O-O 22. Rxa5 Ra8 23. Rxa8 Bxa8 24. Nd4 Rd8 25. Nb5 Bc6 26. h4 Bxb5 27.
cxb5 Nb4 28. Bc4 Nc2+ 29. Ke2 Nd4+ 30. Ke3 Nf5+ 31. Ke2 Nd4+ 32. Ke3 Nf5+ 33.
Kf3 Kf8 34. g4 Nd6 35. Bd3 Rb8 36. b4 Nxb5 37. Bxb5 Rxb5 38. Rb1 Ke7 39. Ke3 h5
40. g5 g6 41. f4 e5 42. Kf3 f6 43. gxf6+ 1/2-1/2